Information Technology for management / (Record no. 232)
[ view plain ]
| 000 -LEADER | |
|---|---|
| fixed length control field | 00532nam a2200169Ia 4500 |
| 008 - FIXED-LENGTH DATA ELEMENTS--GENERAL INFORMATION | |
| fixed length control field | 190805s9999||||xx |||||||||||||| ||und|| |
| 020 ## - INTERNATIONAL STANDARD BOOK NUMBER | |
| International Standard Book Number | 9780070472426 |
| Terms of availability | Rs. 825.00 |
| 082 04 - DEWEY DECIMAL CLASSIFICATION NUMBER | |
| Classification number | 658.05 |
| Item number | L9622 |
| 100 1# - MAIN ENTRY--PERSONAL NAME | |
| Personal name | Lucas, Henry C. |
| 245 10 - TITLE STATEMENT | |
| Title | Information Technology for management / |
| 250 ## - EDITION STATEMENT | |
| Edition statement | 7th ed. |
| 260 ## - PUBLICATION, DISTRIBUTION, ETC. (IMPRINT) | |
| Place of publication, distribution, etc | Chennai : |
| Name of publisher, distributor, etc | McGraw Hill Education India, |
| Date of publication, distribution, etc | 2000, reprinted 2016 |
| 300 ## - PHYSICAL DESCRIPTION | |
| Extent | xxii, 730 p. |
| Other physical details | : ill. |
| Dimensions | ; 24 cm. |
| 650 #0 - SUBJECT ADDED ENTRY--TOPICAL TERM | |
| Topical term or geographic name as entry element | Management information systems |
| 852 ## - LOCATION/CALL NUMBER | |
| Location | |
| 942 ## - ADDED ENTRY ELEMENTS (KOHA) | |
| Item type | Books |
| Withdrawn status | Lost status | Damaged status | Not for loan | Collection code | Permanent location | Current location | Shelving location | Date acquired | Source of acquisition | Cost, normal purchase price | Total Checkouts | Full call number | Barcode | Date last seen | Date last borrowed | Koha item type | Public note |
|---|---|---|---|---|---|---|---|---|---|---|---|---|---|---|---|---|---|
| Management Studies | IMU Kochi Library | IMU Kochi Library | Reference | 2017-07-06 | Educational Supplies | 825.00 | 2 | 658.05 L9622 | BK004138 | 2023-02-09 | 2023-02-09 | Books | Shelf-21, Row-1 | ||||
| Management Studies | IMU Kochi Library | IMU Kochi Library | Reference | 2017-07-06 | Educational Supplies | 825.00 | 658.05 L9622 | BK004139 | 2019-08-05 | Books | Shelf-21, Row-1 | ||||||
| Management Studies | IMU Kochi Library | IMU Kochi Library | Reference | 2017-07-06 | Educational Supplies | 825.00 | 658.05 L9622 | BK004140 | 2019-08-05 | Books | Shelf-21, Row-1 | ||||||
| Management Studies | IMU Kochi Library | IMU Kochi Library | Reference | 2017-07-06 | Educational Supplies | 825.00 | 658.05 L9622 | BK004141 | 2019-08-05 | Books | Shelf-21, Row-1 | ||||||
| Management Studies | IMU Kochi Library | IMU Kochi Library | Reference | 2017-07-06 | Educational Supplies | 825.00 | 658.05 L9622 | BK004137 | 2019-08-05 | Books | Shelf-21, Row-1 |